00400 2200169 4500001002100000005001500021035002000036245003700056100001500093300002600108260003200134082000800166084001400174020002200188600000800210990001200218INLIS00000000000150020241128023131 a0010-11240000231 aSetelah Hujan Reda /cBoy Candra0 aBoy Candra a200 hlm ;c13 x 19 cm aJakarta :bMediakita,c2014 a813 a813 BOY s a978-979-794-522-004aBoy a0754527